| 000 | 00926nac a22002651u 4500 | ||
|---|---|---|---|
| 003 | EG-ScBUE | ||
| 005 | 20221109040926.0 | ||
| 008 | 221109s2007 vraae f b 000 0 eng d | ||
| 020 | _a9781920744847 (hbk.) | ||
| 040 |
_aEG-ScBUE _beng _erda _cEG-ScBUE _dEG-ScBUE |
||
| 043 | _ae-ne--- | ||
| 082 | 0 | 4 |
_a720.9492 _bZEI _222 |
| 100 | 1 |
_aZeisser, Boris, _eauthor. |
|
| 245 | 1 | 0 |
_a24H architecture : _bneo architecture. |
| 246 | 3 |
_aTwenty-four architecture : _bneo architecture |
|
| 264 | 1 |
_aMulgrave, Victoria : _bImages Publishing Group, _c2007. |
|
| 300 |
_a124 pages : _billustrations (chiefly color), plans ; _c27 cm |
||
| 504 | _aIncludes bibliographical references. | ||
| 650 | 7 |
_aArchitecture _zNetherlands. _2BUEsh |
|
| 650 | 7 |
_aSpace (Architecture) _zNetherlands. _2BUEsh |
|
| 650 | 7 |
_aSustainable architecture _zNetherlands. _2BUEsh |
|
| 653 | _bENGARC | ||
| 655 |
_vReading book _934232 |
||
| 942 |
_cBB _2ddc |
||
| 999 |
_c8659 _d8659 |
||